The Mongol mission : Narratives and letters of the Franciscan missionaries in Mongolia and China in the thirteenth and fourteenth centuries /

محفوظ في:

المؤلف الرئيسي: Dawson, Christopher, 1889-1970 (مؤلف)

مؤلفون آخرون: Giovanni,‏ da Pian del Carpine, Archbishop of Antivari, -1252‏., Ruysbroek, Willem van, active 13th century.

التنسيق: كتاب

اللغة: English
Undetermined

منشور في: London : Sheed & Ward, 1955.

سلاسل: The Makers of Christendom.

الموضوعات:

الوسوم: إضافة وسم

لا توجد وسوم, كن أول من يضع وسما على هذه التسجيلة!

رقم الطلب: DS19 .D27 1955

LEADER 01353namaa2200301 4500
001 20605
003 OSt
005 20260428130454.0
008 130303s1955 enkab b 000 0 eng d
010 |a 55010925 
040 |c ARCE Library 
041 1 |a eng  |h und 
043 |a a------ 
050 4 |a DS19 .D27 1955 
100 1 |a Dawson, Christopher,  |d 1889-1970,  |e author 
245 1 4 |a The Mongol mission :   |b Narratives and letters of the Franciscan missionaries in Mongolia and China in the thirteenth and fourteenth centuries /   |c Translated by a nun of Stanbrook Abbey. 
264 1 |a London :   |b Sheed & Ward,   |c 1955. 
300 |a xxxix, 246 pages :  |b illustrations, fold. map ;  |c 22 cm. 
490 0 |a The Makers of Christendom. 
504 |a Includes bibliographical references. 
505 0 |a History of the Mongols, by John of Plano Carpini. --The narrative of Brother Benedict the Pole. -- The journey of William of Rubruck. -- The letters of John of Monte Corvino, Brother Peregrine, and Andrew of Perugia 
650 0 |a Mongols  |x History. 
651 0 |a Asia  |x Description and travel. 
700 0 |a Giovanni,‏  |c da Pian del Carpine, Archbishop of Antivari,  |d -1252‏.  |t History of the Mongols. 
700 1 |a Ruysbroek, Willem van,  |d active 13th century.  |t Journey of William of Rubruck.  |9 38825 
901 |a reviewed 
942 |c BK  |2 lcc 
999 |c 18206  |d 18206